Statistics for Most Populous Islands of Asia

Click here to take the quiz!

General Stats

  • This quiz has been taken 37 times
  • The average score is 22 of 38

Answer Stats

PopulationCountryIsland% Correct
141 milIndonesiaJava
100%
23.4 mil-Taiwan
100%
21.2 mil-Sri Lanka
100%
58.4 milIndonesiaSumatra
97%
21.4 milIndonesia |
Malaysia | Brunei
Borneo
97%
104 milJapanHonshu
97%
60.7 milPhilippinesLuzon
94%
18.4 milIndonesiaSulawesi
94%
11.8 milIndonesia |
Papua New Guinea
New Guinea
94%
5.38 milJapanHokkaido
94%
25.5 milPhilippinesMindanao
91%
3.18 milIndonesia | East TimorTimor
88%
13.2 milJapanKyushu
88%
9.03 milChinaHainan
84%
4.22 milIndonesiaBali
78%
3.81 milJapanShikoku
72%
5.60 mil-Singapore
69%
1.30 milJapanOkinawa
69%
1.09 mil-Bahrain
66%
4.16 milPhilippinesCebu
63%
1.25 milChinaHong Kong
56%
1.08 mil-Cyprus
53%
1.83 milIndonesiaFlores
50%
15.1 milIndiaSalsette
38%
4.41 milPhilippinesNegros
34%
2.38 milPhilippinesLeyte
31%
1.39 milIndonesiaSumbawa
28%
1.21 milPhilippinesBohol
25%
1.33 milPhilippinesMindoro
25%
4.30 milPhilippinesPanay
25%
1.75 milPhilippinesSamar
25%
2.89 milChinaZhongshan
25%
3.31 milIndonesiaLombok
25%
2.04 milChinaXiamen
22%
3.62 milIndonesiaMadura
16%
1.15 milIndonesiaBatam
9%
1.55 milChinaHaizhu
3%
1.75 milBangladeshBhola
3%

Score Distribution

Percentile by Number Answered

Percent of People with Each Score

Your Score History

You have not taken this quiz